000 00510nam a2200157Ia 4500
005 20250423101511.0
008 250422s9999 xx 000 0 und d
020 _a0716631105
050 _aPE 1449 .W65/
245 4 _aThe World book complete word power library
260 _aChicago
260 _bWorld Book Encyclopedia
260 _c1981
650 _aVocabulary. English language--Synonyms and antonyms. English language--Rhetoric. English language--Spoken English. Quotations, English.
942 _cBK
999 _c36470
_d36470